000 00418nam a2200157Ia 4500
008 230719s9999 xx 000 0 und d
041 _aeng
082 _a004.165
_bAYA
100 _aAyala K.J.
245 _a8051 Microcontroller
_bArchitecture Programming And Applications
250 _a2nd ed.
260 _bPenram International Pub.
300 _a367
_dRef 538 E (9243)
365 _cRs.
700 _aAyala K.J.
999 _c353888
_d353888